[Event "SN-2013-0-00552"]
[Site "LSS email"]
[Date "2013.11.25"]
[Round "?"]
[White "Lombardi, Donato"]
[Black "Torfs, Gert"]
[Result "1-0"]
[WhiteElo "956"]
[BlackElo "951"]
[PlyCount "95"]
[EventDate "2013.10.30"]
[EventType "tourn (corr)"]
[EventRounds "6"]
[EventCountry "GER"]
[SourceTitle "Corr 2022"]
[Source "ChessBase"]
[SourceDate "2021.10.24"]
[SourceVersion "1"]
[SourceVersionDate "2021.10.24"]
[SourceQuality "1"]

1. e4 e5 2. Nf3 Nc6 3. d4 exd4 4. Nxd4 Bb4+ 5. c3 Nxd4 6. Qxd4 Bf8 7. Bd3 Qf6 8. Be3 c5 9. Qxf6 Nxf6 10. Bg5 Be7 11. 0-0 0-0 12. Nd2 Re8 13. f4 d5 14. e5 Ng4 15. Bxe7 Rxe7 16. Rae1 Nh6 17. h3 Bf5 18. Bxf5 Nxf5 19. g4 Nh6 20. f5 Kf8 21. g5 Ng8 22. f6 gxf6 23. exf6 Rxe1 24. Rxe1 h6 25. h4 Re8 26. Nf3 b5 27. Re5 Rxe5 28. Nxe5 Ke8 29. Nc6 a6 30. Nb8 a5 31. Na6 Nxf6 32. gxf6 Kd7 33. Nxc5+ Kc6 34. Nd3 Kd6 35. Kf2 Ke6 36. Nf4+ Ke5 37. Ke3 a4 38. Nd3+ Kxf6 39. Kd4 Kf5 40. Kxd5 Kg4 41. Ne5+ Kxh4 42. Nxf7 h5 43. Ke4 Kg3 44. Nh6 Kg2 45. Nf5 Kh3 46. b3 axb3 47. axb3 Kg4 48. c4 1-0

[Event "SN-2013-0-00552"]
[Site "LSS email"]
[Date "2013.11.25"]
[Round "?"]
[White "Semenov, Zhenya"]
[Black "Torfs, Gert"]
[Result "1/2-1/2"]
[WhiteElo "1047"]
[BlackElo "951"]
[PlyCount "90"]
[EventDate "2013.10.30"]
[EventType "tourn (corr)"]
[EventRounds "6"]
[EventCountry "GER"]
[SourceTitle "Corr 2022"]
[Source "ChessBase"]
[SourceDate "2021.10.24"]
[SourceVersion "1"]
[SourceVersionDate "2021.10.24"]
[SourceQuality "1"]

1. e4 d5 2. exd5 Qxd5 3. Qf3 Qxf3 4. Nxf3 Nf6 5. Bb5+ Bd7 6. Bxd7+ Nbxd7 7. 0-0 e6 8. d4 Bd6 9. c4 0-0 10. c5 Be7 11. Nc3 Rfd8 12. Bf4 c6 13. h3 Nd5 14. Nxd5 exd5 15. Rad1 Bf6 16. Ne5 Nxe5 17. dxe5 Be7 18. b4 a5 19. a3 axb4 20. axb4 Ra4 21. Bd2 Rda8 22. Bc3 Bg5 23. f4 Bh4 24. f5 Bg3 25. Rf3 Bh4 26. Rd4 Be7 27. Rg4 Ra3 28. f6 Bxf6 29. exf6 g6 30. h4 Rb3 31. h5 Raa3 32. Rgg3 Kf8 33. hxg6 hxg6 34. Be5 Rb1+ 35. Rf1 Rxf1+ 36. Kxf1 Rxg3 37. Bxg3 Ke8 38. Bd6 Kd7 39. Kf2 Ke6 40. Be7 Ke5 41. Ke3 g5 42. Bd8 Kf5 43. Kd4 g4 44. g3 Ke6 45. Be7 Kf5 1/2-1/2